Guide Reading (Record no. 23651)

MARC details
000 -LEADER
fixed length control field 00647nam a22002057a 4500
003 - CONTROL NUMBER IDENTIFIER
control field OSt
005 - DATE AND TIME OF LATEST TRANSACTION
control field 20260609124109.0
008 - FIXED-LENGTH DATA ELEMENTS--GENERAL INFORMATION
fixed length control field 260609b |||||||| |||| 00| 0 eng d
020 ## - INTERNATIONAL STANDARD BOOK NUMBER
International Standard Book Number 0435088637
040 ## - CATALOGING SOURCE
Transcribing agency Chuka University Library
050 ## - LIBRARY OF CONGRESS CALL NUMBER
Classification number LB 1573 .F6 1996 C.10
100 ## - MAIN ENTRY--PERSONAL NAME
Personal name Fountas, Irene C.
9 (RLIN) 27725
245 ## - TITLE STATEMENT
Title Guide Reading
Remainder of title Good First Teaching For All children
260 ## - PUBLICATION, DISTRIBUTION, ETC.
Place of publication, distribution, etc. Portsmouth
Name of publisher, distributor, etc. Heinemann
Date of publication, distribution, etc. 1996
300 ## - PHYSICAL DESCRIPTION
Extent Various Paging
Other physical details Bibliographical References, Index and Illustrations
650 ## - SUBJECT ADDED ENTRY--TOPICAL TERM
Topical term or geographic name entry element Teaching---Children
9 (RLIN) 27936
700 ## - ADDED ENTRY--PERSONAL NAME
Personal name Giacobbe, Mary Ellen
9 (RLIN) 27937
700 ## - ADDED ENTRY--PERSONAL NAME
Personal name Gay Su Pinnel
9 (RLIN) 27875
942 ## - ADDED ENTRY ELEMENTS (KOHA)
Source of classification or shelving scheme Library of Congress Classification
Koha item type Long Loan Books
Suppress in OPAC No
Holdings
Withdrawn status Lost status Source of classification or shelving scheme Damaged status Not for loan Collection Home library Current library Shelving location Date acquired Total Checkouts Full call number Barcode Date last seen Copy number Cost, replacement price Price effective from Koha item type
    Library of Congress Classification     General Collection Books Main Campus Library Main Campus Library General Stacks 09/06/2026   LB 1573 .F6 1996 C.10 33535/2026 09/06/2026 10 1983.46 09/06/2026 Long Loan Books
    Library of Congress Classification     General Collection Books Main Campus Library Main Campus Library General Stacks 09/06/2026   LB 1573 .F6 1996 C.9 33531/2026 09/06/2026 9 1983.46 09/06/2026 Long Loan Books
    Library of Congress Classification     General Collection Books Main Campus Library Main Campus Library General Stacks 09/06/2026   LB 1573 .F6 1996 C.1 33528/2026 09/06/2026 1 1983.46 09/06/2026 Long Loan Books
    Library of Congress Classification     General Collection Books Main Campus Library Main Campus Library General Stacks 09/06/2026   LB 1573 .F6 1996 C.4 33527/2026 09/06/2026 4 1983.46 09/06/2026 Long Loan Books
    Library of Congress Classification     General Collection Books Main Campus Library Main Campus Library General Stacks 09/06/2026   LB 1573 .F6 1996 C.3 33529/2026 09/06/2026 3 1983.46 09/06/2026 Long Loan Books
    Library of Congress Classification     General Collection Books Main Campus Library Main Campus Library General Stacks 09/06/2026   LB 1573 .F6 1996 C.6 33530/2026 09/06/2026 6 1983.46 09/06/2026 Long Loan Books
    Library of Congress Classification     General Collection Books Main Campus Library Main Campus Library General Stacks 09/06/2026   LB 1573 .F6 1996 C.7 33532/2026 09/06/2026 7 1983.46 09/06/2026 Long Loan Books
    Library of Congress Classification     General Collection Books Main Campus Library Main Campus Library General Stacks 09/06/2026   LB 1573 .F6 1996 C.8 33533/2026 09/06/2026 8 1983.46 09/06/2026 Long Loan Books
    Library of Congress Classification     General Collection Books Main Campus Library Main Campus Library General Stacks 09/06/2026   LB 1573 .F6 1996 C.5 33534/2026 09/06/2026 5 1983.46 09/06/2026 Long Loan Books

Powered by Koha